Normal view MARC view
  • Supervisor: Dr. Usman Ali

Entry Corporate Name

Number of records used in: 1

001 - CONTROL NUMBER

  • control field: 84147

003 - CONTROL NUMBER IDENTIFIER

  • control field: NUST

005 - DATE AND TIME OF LATEST TRANSACTION

  • control field: 20211115160646.0

008 - FIXED-LENGTH DATA ELEMENTS

  • fixed length control field: 211115|| aca||aabn | a|a d

040 ## - CATALOGING SOURCE

  • Original cataloging agency: NUST
  • Transcribing agency: NUST

110 ## - HEADING--CORPORATE NAME

  • Corporate name or jurisdiction name as entry element: Supervisor: Dr. Usman Ali

670 ## - SOURCE DATA FOUND

  • Source citation: Work cat.: (NUST)586713: Sajid Bashir 83996, TH-SOF-1921-Model Reduction of Induction Machines and Improvement in Power Quality of Doubly Fed Induction Generator Based Wind Turbines, 2021.
© 2023 Central Library, National University of Sciences and Technology. All Rights Reserved.